Vida íntima de Beethoven / (Record no. 80035)

MARC details
000 -LEADER
campo de control de longitud fija 00960nam a2200253 i 4500
001 - NÚMERO DE CONTROL
campo de control 80035
003 - IDENTIFICADOR DE NÚMERO DE CONTROL
campo de control ES-MaACL
005 - FECHA Y HORA DE LA ÚLTIMA TRANSACCIÓN
campo de control 20250729122827.0
007 - CAMPO FIJO DE DESCRIPCIÓN FÍSICA--INFORMACIÓN GENERAL
campo de control de longitud fija t|
008 - DATOS DE LONGITUD FIJA--INFORMACIÓN GENERAL
campo de control de longitud fija 041026s1927 sp f |||| |bspa d
080 ## - NÚMERO DE LA CLASIFICACIÓN DECIMAL UNIVERSAL
Número de la Clasificación Decimal Universal 929 Beethoven
100 1# - ENTRADA PRINCIPAL--NOMBRE DE PERSONA
Nombre de persona Hevesy, André de.
9 (RLIN) 63501
245 10 - MENCIÓN DEL TÍTULO
Título Vida íntima de Beethoven /
Mención de responsabilidad, etc. André de Hevesy ; traducción de Enrique Ruiz de la Serna ; prólogo de A. Hernández Catá.
260 ## - PUBLICACIÓN, DISTRIBUCIÓN, ETC.
Lugar de publicación, distribución, etc. Madrid :
Nombre del editor, distribuidor, etc. [s.n.,
Fecha de publicación, distribución, etc. 1927] (
Fabricante Imp. Helénica)
300 ## - DESCRIPCIÓN FÍSICA
Extensión XX, 222 p., XI lám. ;
Dimensiones 21 cm.
530 ## - NOTA DISPONIBLE DE FORMULARIO FÍSICO ADICIONAL
Nota de formato físico adicional disponible Disponible en formato digital.
600 14 - PUNTO DE ACCESO ADICIONAL DE MATERIA--NOMBRE DE PERSONA
Nombre de persona Beethoven, Ludwig van-
Subdivisión general Biografías.
9 (RLIN) 27031
700 1# - ENTRADA AGREGADA--NOMBRE PERSONAL
Nombre de persona Ruiz de la Serna, Enrique.
9 (RLIN) 100753
700 1# - ENTRADA AGREGADA--NOMBRE PERSONAL
Nombre de persona Hernández Catá, Alfonso,
Fechas asociadas al nombre 1885-1940
9 (RLIN) 62908
852 ## - LOCALIZACIÓN
Ubicación ES-MaACL
Número de control de estantería F-4112
Ubicación en estantería Depósito 2
Nota libre Revisado enlace: 29 de julio de 2025
856 4# - LOCALIZACIÓN Y ACCESO ELECTRÓNICOS
Identificador Uniforme de Recursos <a href="http://bdh-rd.bne.es/viewer.vm?id=0000073952&page=1 ">http://bdh-rd.bne.es/viewer.vm?id=0000073952&page=1 </a>
Texto de enlace Biblioteca Digital Hispánica
942 ## - ELEMENTOS DE ENTRADA SECUNDARIOS (KOHA)
Fuente del sistema de clasificación o colocación Clasificación decimal universal
Holdings
Estatus retirado Estado de pérdida Estado de daño No para préstamo Colección Biblioteca de origen Biblioteca actual Ubicación en estantería Fecha de adquisición Fuente de adquisición Total de préstamos Signatura topográfica completa Código de barras Visto por última vez Precio de reemplazo Tipo de ítem Koha
        Colección digital Biblioteca del Ateneo de Madrid Biblioteca del Ateneo de Madrid Depósito 2 17/01/2008     F-4112 1083682 23/02/2023 23/02/2023 Libro impreso